000 nam a22 7a 4500
999 _c9055
_d9055
008 180122b ||||| |||| 00| 0 eng d
100 _aRising
_94203
245 _aHealth Mathematics
260 _aCannada
_c1973